00414nam a2200157 a 4500001000400000003000900004008004100013040002800054082001500082100002500097245004500122260003300167300001000200490002500210650002100235407CO-ViMGA141112s2004 ck r 000 u spa d aCO-ViMGAbspacCO-ViMGA04a833.6 K5341 aKleist, Heinrich Von10aLa asombrosa guerra de Michael Kohl Haas aBogotá : bAltamir, c1994 a137 p aBiblioteca peregrina14aCUENTOS ALEMANES